[Event "Titled Tue 10th Jun Early"]
[Site "chess.com INT"]
[Date "2025.06.10"]
[Round "2"]
[White "Kornienko, Konstantin"]
[Black "Altynbek, Aiaru"]
[Result "1-0"]
[WhiteTitle "CM"]
[BlackTitle "WFM"]
[WhiteElo "2141"]
[BlackElo "1977"]
[WhiteFideId "34400419"]
[BlackFideId "13752472"]
[EventDate "2025.06.10"]

1. d4 d5 2. Nf3 Nf6 3. Bf4 c5 4. e3 Nc6 5. c4 cxd4 6. exd4 a6 7. Nc3 g6 8. Bg3
Bg7 9. cxd5 Nxd5 10. Bc4 Nb6 11. Bb3 Nxd4 12. Nxd4 Bxd4 13. Qf3 O-O 14. O-O e5
15. Rad1 Qe7 16. Rfe1 Bxc3 17. bxc3 Nd7 18. Qd5 Rb8 19. h4 b5 20. h5 Rd8 21.
hxg6 hxg6 22. Qc6 Nf8 23. Rxd8 Qxd8 24. Bxe5 Rb6 25. Qf3 Be6 26. Bd4 Rd6 27. Bc2
Bxa2 28. Qh3 Nh7 29. Qh6 Rxd4 30. cxd4 Be6 31. Bxg6 fxg6 32. Qxg6+ Kh8 33. Rxe6
Nf8 34. Re8 1-0

[Event "Titled Tue 10th Jun Early"]
[Site "chess.com INT"]
[Date "2025.06.10"]
[Round "2"]
[White "Neustroev, Victor"]
[Black "Krutko, Anatoly"]
[Result "0-1"]
[WhiteTitle "FM"]
[BlackTitle "FM"]
[WhiteElo "2283"]
[BlackElo "2397"]
[WhiteFideId "4144147"]
[BlackFideId "4185862"]
[EventDate "2025.06.10"]

1. e4 g6 2. d4 Bg7 3. Nc3 a6 4. Be3 b5 5. Qd2 Bb7 6. f3 d6 7. Nge2 Nd7 8. h4 h5
9. O-O-O c5 10. Kb1 cxd4 11. Nxd4 Ngf6 12. Nb3 Rc8 13. Be2 Ne5 14. Rhe1 Nc4 15.
Bxc4 Rxc4 16. Nd5 Bxd5 17. exd5 O-O 18. Bd4 Qd7 19. Na5 Rcc8 20. Nc6 Rfe8 21.
Re2 e5 22. Bf2 Nxd5 23. Na7 Nf4 24. Nxc8 Rxc8 25. Re4 d5 26. Rxf4 exf4 27. Qxd5
Qc7 28. c3 b4 29. Bd4 bxc3 30. bxc3 Rb8+ 31. Ka1 Qb6 0-1

[Event "Titled Tue 10th Jun Early"]
[Site "chess.com INT"]
[Date "2025.06.10"]
[Round "2"]
[White "Tarnowska, Aleksandra"]
[Black "Omariev, Maksim"]
[Result "0-1"]
[WhiteTitle "WCM"]
[BlackTitle "FM"]
[WhiteElo "1882"]
[BlackElo "2304"]
[WhiteFideId "1180967"]
[BlackFideId "4193423"]
[EventDate "2025.06.10"]

1. e4 c5 2. Nf3 d6 3. Bb5+ Nd7 4. O-O a6 5. Bxd7+ Bxd7 6. c3 Nf6 7. Re1 e6 8. d4
cxd4 9. cxd4 d5 10. e5 Ne4 11. Nc3 Nxc3 12. bxc3 Be7 13. Bf4 Rc8 14. Qd2 h6 15.
h3 Qa5 16. Re3 Qa3 17. c4 Qa4 18. cxd5 exd5 19. Rb3 b5 20. Rab1 Bf5 21. Re1 Rc2
22. Qe3 Qxa2 23. Rc3 Rxc3 24. Qxc3 O-O 25. g4 Be6 26. g5 h5 27. Nh4 g6 28. Qf3
Rc8 29. Be3 Qc2 30. Rc1 Qe4 31. Rxc8+ Bxc8 32. Qg3 b4 33. Nf3 b3 34. Nd2 Qc2 35.
Kg2 b2 36. Qg4 hxg4 0-1

[Event "Titled Tue 10th Jun Early"]
[Site "chess.com INT"]
[Date "2025.06.10"]
[Round "2"]
[White "Lai, Duc Minh"]
[Black "Pranesh, M"]
[Result "0-1"]
[BlackTitle "GM"]
[WhiteElo "2072"]
[BlackElo "2580"]
[WhiteFideId "12420387"]
[BlackFideId "35028600"]
[EventDate "2025.06.10"]

1. d4 Nc6 2. Nf3 d5 3. Bf4 Bf5 4. a3 f6 5. e3 e6 6. c4 g5 7. Bg3 h5 8. h3 h4 9.
Bh2 Bd6 10. Bd3 Nge7 11. Nc3 Bxh2 12. Nxh2 Qd6 13. Ng4 Kf7 14. Qe2 Bxd3 15. Qxd3
Rad8 16. cxd5 exd5 17. O-O f5 18. Nh2 Rdg8 19. f4 g4 20. hxg4 fxg4 21. f5 h3 22.
Rf4 hxg2 23. Kxg2 Qh6 24. Nf1 g3 0-1

[Event "Titled Tue 10th Jun Early"]
[Site "chess.com INT"]
[Date "2025.06.10"]
[Round "2"]
[White "Nguyen, Dinh Trung"]
[Black "Garcia Correa, Jose Ricardo"]
[Result "1-0"]
[BlackTitle "FM"]
[WhiteElo "2002"]
[BlackElo "2103"]
[WhiteFideId "12405825"]
[BlackFideId "5101832"]
[EventDate "2025.06.10"]

1. e4 e5 2. Nc3 Nc6 3. Bc4 d6 4. f4 exf4 5. Nf3 Ne5 6. Bb5+ c6 7. Be2 g5 8. d4
Ng6 9. d5 c5 10. Bb5+ Bd7 11. Bxd7+ Kxd7 12. Qe2 a6 13. Bd2 Bg7 14. O-O-O Qc7
15. Nxg5 Kc8 16. Qg4+ Kb8 17. Bxf4 Nxf4 18. Qxf4 Bh6 19. e5 dxe5 20. d6 Qd8 21.
Qxf7 Bxg5+ 22. Kb1 Nh6 23. Qd5 Be3 24. Ne4 b6 25. Rhe1 Bg5 26. Qxe5 Nf7 27. Qg7
Qf8 28. Qc3 Bh6 29. d7 Bg7 30. Qb3 Kc7 31. Rf1 Qe7 32. Rxf7 1-0

[Event "Titled Tue 10th Jun Early"]
[Site "chess.com INT"]
[Date "2025.06.10"]
[Round "2"]
[White "Garcia, Erick"]
[Black "Chaulagain, Purusottam"]
[Result "1-0"]
[BlackTitle "CM"]
[WhiteElo "2135"]
[BlackElo "1952"]
[WhiteFideId "2058880"]
[BlackFideId "12300730"]
[EventDate "2025.06.10"]

1. d4 d5 2. c4 e6 3. Nc3 c6 4. e3 f5 5. Nf3 Nf6 6. Bd3 Bd6 7. b3 O-O 8. Bb2 Ne4
9. Qc1 Nd7 10. O-O Ndf6 11. Ne2 Bd7 12. Ba3 Qe7 13. Bxd6 Qxd6 14. Ne5 Qe7 15.
Rb1 a5 16. a3 g5 17. f3 Nd6 18. c5 Nf7 19. b4 axb4 20. axb4 Ra2 21. Nc3 Ra7 22.
b5 Nxe5 23. dxe5 Nh5 24. Ne2 Rfa8 25. Nd4 Ra3 26. Qc2 Ra2 27. Qc1 R2a3 28. Rb3
Rxb3 29. Nxb3 Ra3 30. Qxa3 g4 31. f4 g3 32. h3 Ng7 33. Nd4 Qd8 34. bxc6 bxc6 35.
Rb1 Ne8 36. Qa7 Bc8 37. Rb8 Qd7 38. Qxd7 Bxd7 39. Rd8 1-0

[Event "Titled Tue 10th Jun Early"]
[Site "chess.com INT"]
[Date "2025.06.10"]
[Round "2"]
[White "Santos, Antonio P"]
[Black "Papaioannou, Dimitrios"]
[Result "0-1"]
[WhiteTitle "FM"]
[BlackTitle "CM"]
[WhiteElo "2165"]
[BlackElo "2206"]
[WhiteFideId "1900161"]
[BlackFideId "25865137"]
[EventDate "2025.06.10"]

1. d4 Nf6 2. c4 e6 3. g3 c5 4. Nf3 cxd4 5. Nxd4 d5 6. Bg2 e5 7. Nf3 d4 8. O-O
Nc6 9. e3 Be7 10. exd4 exd4 11. b4 Nxb4 12. Nxd4 O-O 13. Nc3 Bg4 14. Qd2 Rc8 15.
Ndb5 a6 16. Na7 Rxc4 17. a3 Nd3 18. Nd5 Rd4 19. Nxe7+ Qxe7 20. Qe3 Qd7 21. h3
Bxh3 22. Bxh3 Qxh3 23. Qxd4 Ng4 24. Qxg4 Qxg4 25. Be3 Re8 26. Bb6 h5 27. Rad1
Nf4 28. Rfe1 Ne2+ 29. Kf1 Qh3# 0-1

[Event "Titled Tue 10th Jun Early"]
[Site "chess.com INT"]
[Date "2025.06.10"]
[Round "2"]
[White "Sarana, Alexey"]
[Black "Asish Panda"]
[Result "1-0"]
[WhiteTitle "GM"]
[WhiteElo "2686"]
[BlackElo "1911"]
[WhiteFideId "24133795"]
[BlackFideId "45012458"]
[EventDate "2025.06.10"]

1. e4 e6 2. d4 d5 3. Nc3 Nf6 4. e5 Nfd7 5. f4 c5 6. Nf3 Nc6 7. Be3 a6 8. Qd2 Be7
9. Be2 b5 10. a3 Qb6 11. O-O Bb7 12. Nd1 cxd4 13. Nxd4 Nxd4 14. Bxd4 Qxd4+ 15.
Qxd4 Bc5 16. c3 Ke7 17. Bd3 Bxd4+ 18. cxd4 Nb8 19. f5 Nc6 20. Rf4 g6 21. f6+ Kd7
22. h4 h5 23. Kf2 Rac8 24. Ne3 Na5 25. Rg1 Nc4 26. Nd1 a5 27. Re1 b4 28. axb4
axb4 29. Kg3 Ra8 30. Rf2 Rhc8 31. Kf4 Ba6 32. Kg5 Ke8 33. Rc2 Nb6 34. Rxc8+ Bxc8
35. Ne3 Ra2 36. Re2 Na4 37. Bb5+ Bd7 38. Bxa4 Bxa4 39. Kh6 Ra1 40. Kg7 Rc1 41.
Nxd5 b3 42. Nf4 Rc2 43. d5 Bb5 44. dxe6 fxe6 45. f7+ 1-0

[Event "Titled Tue 10th Jun Early"]
[Site "chess.com INT"]
[Date "2025.06.10"]
[Round "2"]
[White "Birkisson, Bardur Orn"]
[Black "Vasquez Schroeder, Rodrigo"]
[Result "0-1"]
[WhiteTitle "FM"]
[BlackTitle "GM"]
[WhiteElo "2280"]
[BlackElo "2446"]
[WhiteFideId "2310597"]
[BlackFideId "3400042"]
[EventDate "2025.06.10"]

1. d4 Nf6 2. Nf3 e6 3. Bf4 b6 4. e3 Bb7 5. Nbd2 Bd6 6. Bxd6 cxd6 7. c4 d5 8. Bd3
dxc4 9. Nxc4 d6 10. O-O O-O 11. Rc1 Qe7 12. Qe2 Nbd7 13. e4 e5 14. Rfe1 Rfc8 15.
Rcd1 Rc7 16. b3 Rac8 17. Bb1 g6 18. dxe5 dxe5 19. Nd6 Rb8 20. b4 Ne8 21. Nc4 Ba6
22. Bd3 Bxc4 23. Bxc4 Nef6 24. Bb3 h6 25. g3 Kg7 26. Rd2 Qxb4 27. Kg2 Qe7 28. h3
Nc5 29. Bc2 Rd7 30. Red1 Rbd8 31. h4 Rxd2 32. Rxd2 Rxd2 33. Nxd2 Ne6 34. Nf3 Qc5
35. Bb3 Nd4 36. Nxd4 Qxd4 37. f3 Nd7 38. Qc2 Nc5 39. Bd5 Nd3 40. Qe2 Qb2 41. Kf1
Qc3 42. Qg2 Qe1# 0-1

[Event "Titled Tue 10th Jun Early"]
[Site "chess.com INT"]
[Date "2025.06.10"]
[Round "2"]
[White "Lopez, Henry"]
[Black "Skiadopoulos, Nikolaos"]
[Result "1-0"]
[BlackTitle "CM"]
[WhiteElo "2050"]
[BlackElo "1882"]
[WhiteFideId "5203830"]
[BlackFideId "4200772"]
[EventDate "2025.06.10"]

1. d4 Nf6 2. Nf3 g6 3. c4 c5 4. d5 b5 5. Qc2 bxc4 6. e4 d6 7. Bxc4 Bg7 8. Nc3
O-O 9. O-O Nbd7 10. h3 Nb6 11. Be2 a5 12. Rd1 a4 13. Rb1 Ba6 14. Bf4 Bxe2 15.
Qxe2 Nfd7 16. e5 Nxe5 17. Nxe5 dxe5 18. Bxe5 Bxe5 19. Qxe5 Qd6 20. Qe3 Rfb8 21.
Ne4 Qe5 22. Nxc5 Qxe3 23. fxe3 Nc4 24. e4 Rxb2 25. Rxb2 Nxb2 26. Rd4 a3 27. e5
Rc8 28. d6 exd6 29. exd6 1-0

[Event "Titled Tue 10th Jun Early"]
[Site "chess.com INT"]
[Date "2025.06.10"]
[Round "2"]
[White "Tsapov, Igor"]
[Black "Cherepov, Alexej"]
[Result "0-1"]
[WhiteTitle "CM"]
[BlackTitle "CM"]
[WhiteElo "2093"]
[BlackElo "2083"]
[WhiteFideId "4179005"]
[BlackFideId "13503650"]
[EventDate "2025.06.10"]

1. e4 Nf6 2. e5 Nd5 3. c4 Nb6 4. d4 d6 5. f4 dxe5 6. fxe5 Nc6 7. Be3 Bf5 8. Nc3
e6 9. Be2 Qd7 10. Nf3 O-O-O 11. Qd2 Bb4 12. h3 h6 13. O-O Kb8 14. a3 Be7 15. b4
f6 16. b5 Na5 17. c5 Nbc4 18. Bxc4 Nxc4 19. Qc1 fxe5 20. Nxe5 Nxe5 21. dxe5 Qd3
22. Rd1 Qc4 23. c6 Rxd1+ 24. Nxd1 Qxc1 25. Rxc1 Rd8 26. cxb7 Kxb7 27. a4 Bb4 28.
Nb2 Ba3 0-1

[Event "Titled Tue 10th Jun Early"]
[Site "chess.com INT"]
[Date "2025.06.10"]
[Round "2"]
[White "Guliev, Gasan"]
[Black "Harshavardhan, G B"]
[Result "0-1"]
[WhiteTitle "CM"]
[BlackTitle "IM"]
[WhiteElo "2123"]
[BlackElo "2472"]
[WhiteFideId "34165638"]
[BlackFideId "25059009"]
[EventDate "2025.06.10"]

1. d4 Nf6 2. Bf4 c5 3. e3 e6 4. Nf3 Nc6 5. c3 h6 6. h3 d5 7. Nbd2 Bd6 8. Bd3 O-O
9. O-O Qc7 10. Bxd6 Qxd6 11. Bb5 Bd7 12. a4 Rfd8 13. Rb1 Be8 14. Bxc6 bxc6 15.
b4 cxb4 16. Rxb4 c5 17. dxc5 Qxc5 18. Qb3 Rdc8 19. Rc1 a5 20. Rf4 Rab8 21. Qc2
Qa3 22. Ne5 Rb2 23. Qd3 Ra2 24. Rxf6 Qxc1+ 25. Kh2 Rxd2 26. Qa6 Qxc3 27. Rxe6
fxe6 28. Qxe6+ Kh8 29. Qe7 Rxf2 30. Ng4 Rf7 31. Qe6 Qc7+ 32. g3 Qc2+ 0-1

[Event "Titled Tue 10th Jun Early"]
[Site "chess.com INT"]
[Date "2025.06.10"]
[Round "2"]
[White "Coro, Lucas"]
[Black "Izafatava, Kira"]
[Result "1-0"]
[WhiteTitle "IM"]
[WhiteElo "2438"]
[BlackElo "2036"]
[WhiteFideId "147222"]
[BlackFideId "13521705"]
[EventDate "2025.06.10"]

1. c4 e5 2. g3 Nf6 3. Bg2 c6 4. d4 e4 5. Nc3 d5 6. a3 Nbd7 7. f3 exf3 8. Nxf3
Be7 9. O-O O-O 10. Bf4 Nb6 11. c5 Nbd7 12. Qd3 b6 13. b4 a5 14. b5 bxc5 15. bxc6
c4 16. Qb1 Nb6 17. c7 Qd7 18. Qxb6 Ra6 19. Qb5 Qe6 20. Ng5 Qd7 21. Qxd7 Bxd7 22.
Nxd5 Nxd5 23. Bxd5 h6 24. Nxf7 Rxf7 25. Be5 Be6 26. Bxe6 1-0

[Event "Titled Tue 10th Jun Early"]
[Site "chess.com INT"]
[Date "2025.06.10"]
[Round "2"]
[White "Durarbayli, Vasif"]
[Black "Ersoz, Teoman Guney"]
[Result "1-0"]
[WhiteTitle "GM"]
[BlackTitle "CM"]
[WhiteElo "2612"]
[BlackElo "2052"]
[WhiteFideId "13402935"]
[BlackFideId "44537050"]
[EventDate "2025.06.10"]

1. e4 c5 2. Nf3 e6 3. d4 cxd4 4. Nxd4 a6 5. Nc3 Qc7 6. g3 Bb4 7. Ne2 Nf6 8. Bg2
Nc6 9. O-O O-O 10. Bf4 e5 11. Bg5 Be7 12. Bxf6 Bxf6 13. Nd5 Qd8 14. Qd3 d6 15.
Rad1 Bg5 16. h4 Bh6 17. Qa3 Bg4 18. Bf3 Be6 19. Ndc3 Rc8 20. Rxd6 Qc7 21. Nd5
Bxd5 22. Rxd5 Rfd8 23. Bg4 Rb8 24. Rfd1 g6 25. Rd7 Bf8 26. Qf3 Rxd7 27. Rxd7
Qxd7 28. Bxd7 Nd4 29. Nxd4 exd4 30. e5 Bg7 31. e6 fxe6 32. Bxe6+ Kh8 33. h5 Rf8
34. Qxb7 d3 35. cxd3 Bd4 36. hxg6 hxg6 37. Bf7 Kg7 38. Bd5+ Kh8 39. Bf3 a5 40.
Kg2 a4 41. Qb4 Rd8 42. Qxa4 Bxb2 43. Qh4+ 1-0

[Event "Titled Tue 10th Jun Early"]
[Site "chess.com INT"]
[Date "2025.06.10"]
[Round "2"]
[White "Dambaev, Dashi"]
[Black "Aswath, S"]
[Result "0-1"]
[WhiteTitle "CM"]
[BlackTitle "IM"]
[WhiteElo "2211"]
[BlackElo "2507"]
[WhiteFideId "55628494"]
[BlackFideId "46694919"]
[EventDate "2025.06.10"]

1. d4 a6 2. e4 e6 3. Nf3 d5 4. exd5 exd5 5. Bd3 Nc6 6. O-O Bd6 7. Bg5 Nge7 8.
Bh4 Bg4 9. c3 Qd7 10. Bg3 Bxg3 11. hxg3 h5 12. Nbd2 h4 13. gxh4 Rxh4 14. Qb3 Rh6
15. Qxb7 Rb8 16. Qxa6 Nb4 17. Qa7 Nec6 18. Ne5 Nxd3 19. Nxd7 Kxd7 20. Qa4 Rbh8 0-1

[Event "Titled Tue 10th Jun Early"]
[Site "chess.com INT"]
[Date "2025.06.10"]
[Round "2"]
[White "Grzesik, Gracjan"]
[Black "Borgaonkar, Akshay"]
[Result "0-1"]
[WhiteTitle "CM"]
[BlackTitle "FM"]
[WhiteElo "2175"]
[BlackElo "2453"]
[WhiteFideId "1194593"]
[BlackFideId "25639110"]
[EventDate "2025.06.10"]

1. c4 Nf6 2. Nc3 g6 3. g3 Bg7 4. Bg2 O-O 5. d4 d6 6. e4 e5 7. Nge2 Nc6 8. d5 Nd4
9. O-O Re8 10. f3 a6 11. Be3 c5 12. dxc6 Nxc6 13. Qd2 Be6 14. b3 Qa5 15. Nd5
Qxd2 16. Bxd2 Bxd5 17. cxd5 Nd4 18. Nxd4 exd4 19. Rac1 Nd7 20. Rc7 Nc5 21. Rc1
a5 22. Kf1 Ra6 23. Bh3 h5 24. Rc4 b5 25. Rc1 b4 26. Bd7 Re7 27. Rc8+ Kh7 28. Bc6
Rea7 29. Rd8 a4 30. Rxd6 axb3 31. Bxb4 Nd3 32. Rc4 Nxb4 33. Rxb4 bxa2 0-1

[Event "Titled Tue 10th Jun Early"]
[Site "chess.com INT"]
[Date "2025.06.10"]
[Round "2"]
[White "Milare, Tyron"]
[Black "Goncharov, Vladimir"]
[Result "0-1"]
[WhiteTitle "FM"]
[WhiteElo "2248"]
[BlackElo "2077"]
[WhiteFideId "12987018"]
[BlackFideId "34162256"]
[EventDate "2025.06.10"]

1. d4 Nf6 2. Nf3 e6 3. Bf4 b6 4. e3 Bb7 5. Bd3 Nh5 6. Bg5 Be7 7. Bxe7 Qxe7 8.
Nbd2 d6 9. Be4 Bxe4 10. Nxe4 Nd7 11. Ng3 Nxg3 12. hxg3 h6 13. e4 c5 14. c3 O-O
15. O-O Nf6 16. Re1 Rfd8 17. Qe2 Rac8 18. a4 cxd4 19. Nxd4 d5 20. exd5 Nxd5 21.
a5 Qf6 22. Qe5 Qxe5 23. Rxe5 bxa5 24. Rxa5 Rd7 25. Re2 Rb7 26. Nb5 Rc5 27. c4
Rxc4 28. Nd6 Rc1+ 29. Kh2 Rd7 30. Ne4 Nf6 31. Nxf6+ gxf6 32. Rb5 h5 33. Rxh5 f5
34. Rh4 Rdd1 35. g4 Rh1+ 36. Kg3 f4+ 0-1

[Event "Titled Tue 10th Jun Early"]
[Site "chess.com INT"]
[Date "2025.06.10"]
[Round "2"]
[White "Matinian, Nikita"]
[Black "Becking, Stephan"]
[Result "1-0"]
[WhiteTitle "GM"]
[BlackTitle "IM"]
[WhiteElo "2421"]
[BlackElo "2410"]
[WhiteFideId "24129100"]
[BlackFideId "4632478"]
[EventDate "2025.06.10"]

1. e4 e6 2. d4 d5 3. Nc3 Nf6 4. Bg5 Be7 5. e5 Nfd7 6. h4 h6 7. Bxe7 Qxe7 8. f4
a6 9. Nf3 c5 10. Qd2 Nc6 11. O-O-O b5 12. h5 b4 13. Na4 c4 14. g4 a5 15. f5 Ba6
16. fxe6 fxe6 17. Nh4 c3 18. bxc3 Bxf1 19. Rdxf1 bxc3 20. Qxc3 Qg5+ 21. Kb1 Rb8+
22. Ka1 Nb4 23. a3 Rf8 24. Rxf8+ Kxf8 25. axb4 axb4 26. Qc7 Ra8 27. Qxd7 Qd2 28.
Qxe6 Rxa4+ 29. Kb1 Ra1+ 30. Kxa1 Qc3+ 31. Kb1 b3 32. Ng6# 1-0

[Event "Titled Tue 10th Jun Early"]
[Site "chess.com INT"]
[Date "2025.06.10"]
[Round "2"]
[White "Sjugirov, Sanan"]
[Black "Akkara, Omer"]
[Result "1-0"]
[WhiteTitle "GM"]
[BlackTitle "CM"]
[WhiteElo "2635"]
[BlackElo "2036"]
[WhiteFideId "4189302"]
[BlackFideId "26319802"]
[EventDate "2025.06.10"]

1. e4 e5 2. Nf3 Nc6 3. Bb5 a6 4. Ba4 Nf6 5. O-O b5 6. Bb3 Bc5 7. a4 Bb7 8. d3
O-O 9. Nc3 b4 10. Nd5 h6 11. a5 Nd4 12. Nxd4 Bxd4 13. Ne3 Bxe3 14. Bxe3 Qe7 15.
f4 exf4 16. Bxf4 d5 17. e5 Nd7 18. d4 Qe6 19. c3 bxc3 20. bxc3 c5 21. Bc2 cxd4
22. cxd4 Rac8 23. Qd3 f5 24. Rab1 Rc7 25. Bd2 Qe7 26. Bb4 Qg5 27. Bxf8 Nxf8 28.
Rxf5 Qe7 29. Rbf1 Ne6 30. R5f2 Ng5 31. Qg6 Ne4 32. Bxe4 dxe4 33. Rf8+ Qxf8 34.
Rxf8+ Kxf8 35. Qd6+ Re7 36. e6 Ke8 37. Qb8+ Bc8 38. Qxc8# 1-0

[Event "Titled Tue 10th Jun Early"]
[Site "chess.com INT"]
[Date "2025.06.10"]
[Round "2"]
[White "Sindarov, Islombek"]
[Black "Ochedzan, Filip"]
[Result "1-0"]
[WhiteTitle "CM"]
[BlackTitle "CM"]
[WhiteElo "2129"]
[BlackElo "1983"]
[WhiteFideId "14205475"]
[BlackFideId "21892610"]
[EventDate "2025.06.10"]

1. c4 c5 2. g3 Nc6 3. Bg2 g6 4. Nf3 Bg7 5. O-O e6 6. d3 Nge7 7. Nc3 O-O 8. Be3
b6 9. Qd2 d5 10. Bh6 Bb7 11. Bxg7 Kxg7 12. b3 Qd7 13. h4 h5 14. Qf4 Rad8 15.
Rad1 Nf5 16. e4 Nfd4 17. exd5 Nxf3+ 18. Bxf3 Nd4 19. Bg2 exd5 20. cxd5 Rfe8 21.
Rfe1 b5 22. b4 Rxe1+ 23. Rxe1 Nc2 24. bxc5 Nxe1 25. Qe5+ Kg8 26. c6 Nxd3 27. Qe3
Bxc6 28. dxc6 Qc8 29. Nd5 Re8 30. Nf6+ Kf8 31. Nxe8 Qxe8 32. c7 Qc8 33. Qxa7 Nb4
34. Qb8 1-0

[Event "Titled Tue 10th Jun Early"]
[Site "chess.com INT"]
[Date "2025.06.10"]
[Round "2"]
[White "Margl, Roland"]
[Black "Mummana Venkata Ruthvik"]
[Result "0-1"]
[WhiteTitle "FM"]
[BlackTitle "CM"]
[WhiteElo "2289"]
[BlackElo "2237"]
[WhiteFideId "773719"]
[BlackFideId "25697307"]
[EventDate "2025.06.10"]

1. d4 Nf6 2. c4 g6 3. Nc3 Bg7 4. e4 d6 5. Be2 O-O 6. Be3 e5 7. d5 Na6 8. g4 Nc5
9. f3 c6 10. h4 cxd5 11. cxd5 h5 12. g5 Nfd7 13. b4 Na6 14. a3 f6 15. Nh3 f5 16.
Qd2 Nb6 17. Rc1 Bd7 18. Nb5 Bxb5 19. Bxb5 fxe4 20. fxe4 Rc8 21. Be2 Qd7 22. Nf2
Qa4 23. Qb2 Rxc1+ 24. Bxc1 Rc8 25. Bd3 Nc4 26. Qc3 Nb6 27. Qb2 Nc4 28. Qa2 Nxb4
29. Qe2 Nxa3 30. O-O Nxd3 31. Qxd3 Nc4 32. Nd1 Qd7 33. Qf3 Rf8 34. Qb3 Qg4+ 0-1

[Event "Titled Tue 10th Jun Early"]
[Site "chess.com INT"]
[Date "2025.06.10"]
[Round "2"]
[White "Dubnevych, Maksym"]
[Black "Mikhalsky, Vladimir"]
[Result "1-0"]
[WhiteTitle "FM"]
[WhiteElo "2296"]
[BlackElo "2219"]
[WhiteFideId "14184001"]
[BlackFideId "14144352"]
[EventDate "2025.06.10"]

1. Nc3 g6 2. h4 h5 3. d4 d5 4. Bf4 Bg7 5. e3 c5 6. Nb5 Na6 7. Nf3 Bg4 8. c3 Nf6
9. Be2 Bxf3 10. Bxf3 Qb6 11. a4 O-O 12. g4 hxg4 13. Bxg4 Nxg4 14. Qxg4 cxd4 15.
exd4 Rfe8 16. Be3 e5 17. dxe5 Rxe5 18. O-O-O Rxe3 19. fxe3 Qxe3+ 20. Kb1 Qe4+
21. Qxe4 dxe4 22. b4 Rc8 23. Rd7 e3 24. Rd3 Nc7 25. Nxc7 Rxc7 26. Kc2 Re7 27.
Re1 Bh6 28. Re2 f5 29. Rd6 Kf7 30. Kd3 f4 31. Rg2 f3 32. Rgxg6 e2 33. Rdf6+ Ke8
34. Rg1 Bf8 35. Re1 Rd7+ 36. Kc2 Rd1 37. Rxd1 exd1=Q+ 38. Kxd1 Bg7 39. Rxf3 Ke7
40. Kc2 Ke6 41. h5 1-0

[Event "Titled Tue 10th Jun Early"]
[Site "chess.com INT"]
[Date "2025.06.10"]
[Round "2"]
[White "Dominguez, Ramiro"]
[Black "Banerjee, Supratit"]
[Result "1-0"]
[WhiteTitle "FM"]
[BlackTitle "FM"]
[WhiteElo "2210"]
[BlackElo "2311"]
[WhiteFideId "4420055"]
[BlackFideId "2410079"]
[EventDate "2025.06.10"]

1. e4 d5 2. exd5 c6 3. dxc6 Nxc6 4. Bb5 e5 5. Qe2 Bd6 6. d4 Ne7 7. dxe5 Bc5 8.
Nf3 O-O 9. O-O Bg4 10. Bd3 g6 11. Be3 Qb6 12. Bxc5 Qxc5 13. Nbd2 Nd5 14. Qe4 Bf5
15. Qc4 Qxc4 16. Bxc4 Nb6 17. Bb3 a5 18. a4 Nb4 19. Rac1 Rac8 20. Nd4 Bd7 21.
Ne4 Bxa4 22. e6 Bxb3 23. e7 Bxc2 24. Nxc2 Nxc2 25. Nf6+ Kg7 26. exf8=Q+ Kxf8 27.
Nxh7+ Kg7 28. Ng5 Nd5 29. Nf3 Nf4 30. Nd4 Nxd4 31. Rxc8 Nde2+ 32. Kh1 Nd3 33.
Rc2 Nef4 34. Rd2 Nb4 35. g3 Ne6 36. Ra1 b6 37. Rd6 Ng5 38. Rxb6 Nd3 39. Rxa5 Ne4
40. Kg2 Nexf2 41. Rd5 1-0

[Event "Titled Tue 10th Jun Early"]
[Site "chess.com INT"]
[Date "2025.06.10"]
[Round "2"]
[White "Kovalevsky, Stanislav"]
[Black "Cruz, Bitia"]
[Result "1-0"]
[WhiteTitle "FM"]
[BlackTitle "WCM"]
[WhiteElo "2105"]
[BlackElo "1696"]
[WhiteFideId "13508598"]
[BlackFideId "8400644"]
[EventDate "2025.06.10"]

1. e4 c5 2. c3 d6 3. d4 cxd4 4. cxd4 Nc6 5. Nc3 Nf6 6. Be3 g6 7. h4 Bg7 8. Be2
h5 9. Nf3 Bd7 10. d5 Ne5 11. Nxe5 dxe5 12. O-O Rc8 13. Bxa7 b6 14. Qb3 O-O 15.
Bxb6 Qe8 16. Qa3 Rb8 17. Bc5 Ra8 18. Qb3 Rb8 19. Qc2 Qd8 20. b4 Re8 21. a4 Nh7
22. Rfd1 f5 23. exf5 Bxf5 24. Bd3 Bg4 25. f3 Bd7 26. Bxg6 Rf8 27. Bxh7+ Kh8 28.
Qg6 Rf6 29. Qd3 Qf8 30. Ne4 Rf4 31. Ng5 Rd8 32. Qg6 Rf6 33. Qxh5 Rh6 34. Nf7+
Kxh7 35. Nxh6 Bxh6 36. a5 Qg7 37. Be3 Rg8 38. Qxh6+ Qxh6 39. Bxh6 Kxh6 40. a6 1-0

[Event "Titled Tue 10th Jun Early"]
[Site "chess.com INT"]
[Date "2025.06.10"]
[Round "2"]
[White "Rustemov, Alexander"]
[Black "Ughuzov, Ravan"]
[Result "0-1"]
[WhiteTitle "GM"]
[BlackTitle "FM"]
[WhiteElo "2525"]
[BlackElo "2295"]
[WhiteFideId "4119002"]
[BlackFideId "13419315"]
[EventDate "2025.06.10"]

1. d4 Nf6 2. c4 e6 3. Nf3 Bb4+ 4. Bd2 Qe7 5. g3 Nc6 6. Nc3 O-O 7. Bg2 d6 8. O-O
Bxc3 9. Bxc3 Ne4 10. Qc2 Nxc3 11. Qxc3 e5 12. d5 Nb8 13. c5 Bg4 14. Rfc1 Nd7 15.
b4 a5 16. a3 Nf6 17. Qc4 axb4 18. axb4 Bxf3 19. Bxf3 e4 20. Bg2 Qe5 21. Rxa8
Rxa8 22. Rd1 h5 23. h3 h4 24. g4 e3 25. Qd4 exf2+ 26. Kxf2 Qg3+ 27. Kf1 Ra3 28.
Qf2 Qb3 29. Qd4 Nd7 30. cxd6 cxd6 31. Rc1 Ne5 32. Qf4 Ra8 33. g5 Qb2 34. Rc7
Ra1+ 35. Kf2 Nd3+ 36. Ke3 Nxf4 37. Rc8+ Kh7 38. Be4+ Ng6 0-1